00305nam a2200121Ia 4500008004100000041000800041082001500049100001900064245001900083260005000102300002000152365001100172240624s9999 xx 000 0 und d aeng a808.66 SHA aSHARMA RUCHIKA aWRITING REPORT c2011aNew DelhibAnmol Publications Pvt. Ltd. avii, : 296 : p. cRSb20